Making family with characters and dolls (notice n° 1918704)
[ vue normale ]
| 000 -LEADER | |
|---|---|
| fixed length control field | 01592cam a2200169 4500500 |
| 005 - DATE AND TIME OF LATEST TRANSACTION | |
| control field | 20260329022239.0 |
| 041 ## - LANGUAGE CODE | |
| Language code of text/sound track or separate title | fre |
| 042 ## - AUTHENTICATION CODE | |
| Authentication code | dc |
| 100 10 - MAIN ENTRY--PERSONAL NAME | |
| Personal name | Xiong, Yuelei |
| Relator term | author |
| 245 00 - TITLE STATEMENT | |
| Title | Making family with characters and dolls |
| 260 ## - PUBLICATION, DISTRIBUTION, ETC. | |
| Date of publication, distribution, etc. | 2026.<br/> |
| 500 ## - GENERAL NOTE | |
| General note | 5 |
| 520 ## - SUMMARY, ETC. | |
| Summary, etc. | This essay examines virtual intimacy as an emergent relational form shaped by digital media, consumer culture, and gendered social structures among Chinese mobile otome game players. Drawing on digital ethnography conducted between 2022 and 2025, it analyzes how practices such as doll-raising and virtual family-making extend romantic fantasy beyond gameplay and reconfigure intimacy through human-nonhuman relations. The study shows how players’ projections and identifications with characters and dolls remain fluid, negotiated, and situational, unfolding within ongoing tensions between player communities and game companies. Situating Chinese otome culture within a comparative East Asian framework of girlhood and shōjo culture, the article further argues that virtual intimacy operates as a form of substitutive intimacy that buffers emotional risk under conditions of heteropessimism, marriage anxiety, and reproductive pressure. Rather than rejecting reality, virtual intimacy enables flexible selves to inhabit a suspended space between attachment and autonomy in contemporary China. |
| 700 10 - ADDED ENTRY--PERSONAL NAME | |
| Personal name | Huang, Weizi |
| Relator term | author |
| 786 0# - DATA SOURCE ENTRY | |
| Note | Sociétés | 169 | 3 | 2026-03-11 | p. 45-64 | 0765-3697 |
| 856 41 - ELECTRONIC LOCATION AND ACCESS | |
| Uniform Resource Identifier | <a href="https://shs.cairn.info/journal-societes-2025-3-page-45?lang=en&redirect-ssocas=7080">https://shs.cairn.info/journal-societes-2025-3-page-45?lang=en&redirect-ssocas=7080</a> |
Pas d'exemplaire disponible.




Réseaux sociaux